000 00654nam a22002057a 4500
005 20251108164913.0
008 250721s1997 xx 000 0 ara d
082 1 4 _a330.90947/أسل
100 1 _aأسلوند، أنديزز
245 1 0 _aكيف تحولت روسيا لإقتصاد السوق ؟ /
264 1 _aالقاهرة :
_bمركز الأهرام للترجمة،
_c1997.
300 _a272ص
650 1 7 _aالإقتصاد
650 1 7 _aالأحوال الإقتصادية
650 1 7 _aإلغاء التأميم
650 1 7 _aالتضخم
700 1 _aإمام، محمد جمال
_eترجمة
942 _2ddc
_cBK
999 _c17108
_d17108